00548nam a22001937a 450000500170000001000370001702000260005403500140008003500140009403500140010803700090012208200140013110000180014524500440016325000060020726000350021327000810024830000250032920240708112309.0 aENG-140796 ENG-140797 ENG-140798 c350.00a9789355265982 aEN-124328 aEN-124329 aEN-124330 bDBAD a155.2521 aPrasad, A. J. aThoughts of an Idled Mind/cA.J. Prasad a1 aHyderabadbDr A J Prasadc2021 aRoad No 10, Banjara Hills,bHyderabad, Telanganae500004mjp.aluru@gmail.com aii, 252p.c252cm(pb)